Presidents of Catalonia by Picture (Catalunya) - Statistics

General Stats
  • This quiz has been taken 406 times
    234 since last reset
  • The average score is 9 of 12
Answer Stats
Picture Answer % Correct
Carles Puigdemont i Casamajó
95%
Artur Mas i Gavarró
93%
Pere Aragonès i Garcia
93%
Salvador Illa i Roca
91%
Joaquim Torra i Pla
87%
Jordi Pujol i Soley
84%
Lluís Companys i Jover
70%
José Montilla i Aguilera
69%
Pasqual Maragall i Mira
69%
Francesc Macià i Llussà
68%
Josep Tarradellas i Joan
62%
Josep Irla i Bosch
41%
No matching quizzes found
Score Distribution
Percent of People with Each Score
Percentile by Number Answered
Your Score History
You have not taken this quiz since the last reset